| 000 | 00474 a2200169 4500 | ||
|---|---|---|---|
| 003 | Nust | ||
| 005 | 20230126133304.0 | ||
| 020 | _a0333733355 | ||
| 040 | _cNust | ||
| 082 | _a910.3,STA | ||
| 245 |
_aThe ststesman's yearbook 2000 / _cEditor Barry Turner |
||
| 260 |
_aBritian _bMcmillan |
||
| 300 | _a2024:p | ||
| 505 | _aPart 1: International Organization (Page-3), Part 2: Countries of The World A-Z (Page-119). | ||
| 650 |
_aYearbook 2000 _9107783 |
||
| 942 |
_2ddc _cBK |
||
| 999 |
_c186378 _d186378 |
||